00439nam a2200169 a 450000100060000000300090000600800410001502000150005604000280007108200190009910000180011824500300013626000310016630000110019749000280020865000330023616230CO-ViMGA141112s2004 ck r 000 u spa d a9580435502 aCO-ViMGAbspacCO-ViMGA04aCo863.44 M874i1 aMutis, Alvaro10aIlona llega con la lluvia aBogotá : bNorma, c1996 a152.p.0 aLa pequeña biblioteca14aNOVELA COLOMBIANA - SIGLO XX